[Event "Mittelrhein Verbandsliga-M 15/16"]
[Site "Nordrheinwestfalen"]
[Date "2016.03.13"]
[Round "9.8"]
[White "Rosenauer, Horst"]
[Black "Radev, Yordan"]
[Result "1/2-1/2"]
[WhiteElo "1909"]
[BlackElo "1685"]
[PlyCount "97"]
[EventDate "2015.09.06"]
[EventType "team-tourn"]
[EventRounds "11"]
[EventCountry "GER"]
[SourceTitle "EXT 2022"]
[Source "ChessBase"]
[SourceDate "2021.10.06"]
[SourceVersion "1"]
[SourceVersionDate "2021.10.06"]
[SourceQuality "1"]
[WhiteTeam "Bergische SF"]
[BlackTeam "Dormagen SV"]
[WhiteTeamCountry "GER"]
[BlackTeamCountry "GER"]

1. e4 Nf6 2. Nc3 d5 3. exd5 Nxd5 4. d4 Bf5 5. Bc4 Nb4 6. Bb3 e6 7. a3 Nd5 8. Nge2 c6 9. Nxd5 exd5 10. Ng3 Bg6 11. 0-0 Be7 12. f4 f5 13. Re1 0-0 14. c3 Nd7 15. Qe2 Bh4 16. Bd2 Nf6 17. Bc2 Ne4 18. Bxe4 dxe4 19. Be3 Qc7 20. b4 a5 21. Qc4+ Bf7 22. Qe2 b5 23. Rec1 Bc4 24. Qh5 g5 25. Qh6 gxf4 26. Bxf4 Qe7 27. Nh5 Bf6 28. Re1 Bd5 29. Nxf6+ Qxf6 30. Qh3 axb4 31. axb4 Ra4 32. Rxa4 bxa4 33. Ra1 Bb3 34. Qe3 Ra8 35. Ra3 Kf7 36. Be5 Qe6 37. Qe2 Qh6 38. Ra1 Ke6 39. c4 Qf8 40. c5 Qc8 41. b5 cxb5 42. Qxb5 Qa6 43. Qb6+ Qxb6 44. cxb6 Bd5 45. Kf2 a3 46. Ke3 a2 47. g3 Ra5 48. Kd2 Rb5 49. Kc2 1/2-1/2